000 00227nam a2200097Ia 4500
008 220204s9999 xx 000 0 und d
082 _a82-3
_bMAT
100 _aMatthews, Patricia
245 0 _aLove's wildest promise
942 _cBK
999 _c30945
_d30945